000 00562nam a2200193Ia 4500
005 20250508151104.0
008 008 250505s9999 xx 000 0 eng d
037 _aTextual
040 _aFEDL
_beng
_cFEDL
041 _aeng
_2eng
084 _a157.9, FRO
_qFEDL
100 _aFromm-Reichmann Frieda
_9758392
245 0 _aPrinciples of intensive psychotherapy
260 _aLondon, UK
_bGeorge Allen and Unwin Ltd
_c1953
300 _axviii,245p.
650 _aAbnormal Psychology
942 _cTEXL
_h157.9, FRO
999 _c1327525
_d1327525